|
|
|
|
| LEADER |
00000nas a2200000 a 4500 |
| 001 |
ssj0023455 |
| 003 |
WaSeSS |
| 005 |
20200512172242.0 |
| 006 |
m d |
| 007 |
cr n |
| 008 |
040830c19919999tu qr pss 0 0eng |
| 010 |
|
|
|a 2004206590
|
| 016 |
7 |
|
|a 2134721-9
|2 DE-600
|
| 022 |
|
|
|y 1019-3103
|
| 030 |
|
|
|a TJCAFH
|
| 035 |
|
|
|a (WaSeSS)ssj0023455
|
| 040 |
|
|
|a DLC
|b eng
|c DLC
|d HEBIS
|d CUD
|d TOH
|d LGG
|d OCLCQ
|d COO
|d OCLCO
|d OCLCQ
|d OCLCO
|d OCLCF
|d OCLCO
|d OCLCQ
|d APUMS
|d AU@
|d OCLCO
|d WYU
|d VT2
|d WaSeSS
|
| 042 |
|
|
|a pcc
|
| 050 |
0 |
0 |
|a RC254.A1
|
| 060 |
0 |
0 |
|a W1
|b TU569E
|
| 130 |
0 |
|
|a Turkish journal of cancer (Online)
|
| 245 |
1 |
0 |
|a Turkish journal of cancer
|h [electronic resource].
|
| 246 |
1 |
|
|i Issues for 2003- also have abbreviated title:
|a TJC
|
| 260 |
|
|
|a Ankara, Turkey :
|b Published for the Turkish Association for Cancer Research and Control by Saydam Matbaacilik Ltd.,
|c 1991]-
|
| 310 |
|
|
|a Quarterly
|
| 362 |
1 |
|
|a Print began with vol. 21, no. 1 (Jan. 1991).
|
| 506 |
|
|
|a License restrictions may limit access.
|
| 538 |
|
|
|a Mode of access: World Wide Web.
|
| 588 |
|
|
|a Description based on: Vol. 30, no. 1 (Jan. 2000); title from journal homepage (publisher's Web site, viewed Aug. 30, 2004).
|
| 588 |
|
|
|a Latest issue consulted: Vol. 34, no. 2 (Apr. 2004) (viewed Aug. 30, 2004).
|
| 650 |
|
0 |
|a Tumors
|v Periodicals.
|
| 650 |
|
0 |
|a Cancer
|v Periodicals.
|
| 650 |
|
7 |
|a Cancer.
|2 fast
|0 (OCoLC)fst00845317
|
| 650 |
|
7 |
|a Tumors.
|2 fast
|0 (OCoLC)fst01158759
|
| 650 |
|
2 |
|a Neoplasms
|v Periodicals.
|
| 655 |
|
0 |
|a Electronic journals.
|
| 710 |
2 |
|
|a Türk Kanser Araştirma ve Savaş Kurumu.
|
| 776 |
1 |
|
|t Turkish journal of cancer
|x 1019-3103
|w (DLC)sn 93038080
|w (OCoLC)27428165
|
| 850 |
|
|
|a DLC
|a DNLM
|
| 856 |
4 |
0 |
|z Full text available from Research Library: 01/01/2002 to 10/31/2009
|u https://search.proquest.com/publication/28846
|